| 000 | 00831cam a2200277 4500500 | ||
|---|---|---|---|
| 005 | 20260329005219.0 | ||
| 041 | _afre | ||
| 042 | _adc | ||
| 100 | 1 | 0 |
_aPerragin, Charles _eauthor |
| 245 | 0 | 0 | _aEva Illouz : “La peur est un sentiment qui fait toujours bouger l’échiquier politique à droite” |
| 260 | _c2022. | ||
| 500 | _a82 | ||
| 690 | _aBolsonaro | ||
| 690 | _aDémocratie | ||
| 690 | _aEmotions | ||
| 690 | _aÉric Zemmour | ||
| 690 | _aEva Illouz | ||
| 690 | _aExtrême droite | ||
| 690 | _aIsraël | ||
| 690 | _aNationalisme | ||
| 690 | _aPeur | ||
| 690 | _aPolitique | ||
| 690 | _aPopulisme | ||
| 786 | 0 | _nPhilosophie magazine | 165 | 12 | 2022-12-01 | p. 12-12 | 1951-1787 | |
| 856 | 4 | 1 | _uhttps://shs.cairn.info/magazine-philosophie-magazine-2022-12-page-12?lang=fr&redirect-ssocas=7080 |
| 999 |
_c1841379 _d1841379 |
||